Computer Primer (Record no. 1082848)

MARC details
000 -LEADER
fixed length control field 00318nam a2200121Ia 4500
008 - FIXED-LENGTH DATA ELEMENTS--GENERAL INFORMATION
fixed length control field 231228s1990 xx 000 0 und d
041 ## - LANGUAGE CODE
Language code of text/sound track or separate title eng
082 ## - DEWEY DECIMAL CLASSIFICATION NUMBER
Classification number 4
Item number RAJ
100 ## - MAIN ENTRY--PERSONAL NAME
Personal name RAJARAMAN (Dharma)/ RAJARAMAN (V)
245 ## - TITLE STATEMENT
Title Computer Primer
260 ## - PUBLICATION, DISTRIBUTION, ETC.
Place of publication, distribution, etc. London
Name of publisher, distributor, etc. Harlow, Addision Wesley -
Date of publication, distribution, etc. 1990
300 ## - PHYSICAL DESCRIPTION
Extent vii, 420

No items available.